| 000 | 01179nam a2200277 i 4500 | ||
|---|---|---|---|
| 001 | 181100 | ||
| 003 | ES-MaACL | ||
| 005 | 20231213170231.0 | ||
| 008 | 121016s2010 sp |||| | spa d | ||
| 020 | _a978-84-9911-075-2 | ||
| 100 | 1 |
_aMartínez Molina, Javier. _9151644 |
|
| 245 | 1 | 3 |
_aEl conjunto palaciego de los condes de Aranda en la Villa de Epila / _cJavier Martínez Molina. |
| 260 |
_aZaragoza : _bInstitución "Fernando el Católico" (CSIC), _c2010. |
||
| 300 |
_a542 p. : _bil. ; _c24 cm. |
||
| 490 | 1 |
_aPublicación número 2988 de la Institución "Fernando el Católico"; _v2988 |
|
| 504 | _aBibliografia : p. [531]-539. | ||
| 600 | 0 | 4 |
_aAranda _cCondes de. _9151645 |
| 610 | 2 | 4 |
_aPalacio de los Condes de Aranda (Épila) _9151648 |
| 650 | 4 |
_aArquitectura religiosa- _zÉpila. _9151647 |
|
| 651 | 4 |
_aÉpila- _xHistoria. _9151646 |
|
| 830 | 0 | 0 |
_aPublicación ... de la Institución Fernando el Católico ; _9233871 _v2988 |
| 852 |
_aES-MaACL _jA-12318 _9187983 _bR.148511 _cDEPO1 _dOlim: N-5323 _xDonación: Fernando del Arco |
||
| 903 |
_aArco y García, Fernando del, _d1923-2020 _ednr _922508 |
||
| 942 |
_2udc _cMONOGRAFIA |
||
| 999 |
_c181100 _d181100 |
||